000 00448nam a2200157 4500
001 138008
003 ES-MaACL
005 20230906195503.0
007 t|
008 070214s1950 sp r ||||1| spa d
100 1 _aSánchez Jara, Diego.
_9102710
245 1 0 _aOrfebrería murciana /
_cDiego Sánchez Jara.
260 _aMadrid :
_bEd. Nacional,
_c1950.
300 _a172 p., 44 lám. :
_bil. ;
_c21 cm.
852 _aES-MaACL
_j1918-F-4
_bR.30033
999 _c138008
_d138008